Größte Empfänger deutscher Entwicklungshilfen - Statistiken

Allgemein
  • Dieses Quiz wurde 106 mal gespielt
  • Das Durchschnittsergebnis liegt bei 10 aus 15
Antwortstatistiken
Platz Land Euro in Mio. Kontinent % Korrekt
6. Afghanistan 371,2 Asien
88%
10. Indien 207 Asien
88%
5. Irak 425,8 Asien
86%
2. Syrien 651,4 Asien
78%
4. China 430 Asien
72%
11. Türkei 205,8 Asien
68%
3. Kolumbien 438 Südamerika
67%
1. Indonesien 929,6 Asien
65%
12. Nigeria 203,4 Afrika
60%
14. Jemen 197,7 Asien
59%
13. Ukraine 198,5 Europa
58%
7. Jordanien 280,5 Asien
56%
9. Libanon 208,8 Asien
55%
8. Ägypten 228,2 Afrika
51%
15. Tunesien 184,3 Afrika
29%
Keine übereinstimmenden Quizze gefunden
Verteilung der Resultate
Anzahl Personen mit jedem Resultat
Perzentil nach korrekt beantworteten Fragen
Ihre Resultats-Entwicklung
Sie haben dieses Quiz noch nicht gespielt